000 00659nam a2200229 i 4500
001 bg
100 1 _aRomanow, Zbigniew B.
245 1 0 _aHistoria myśli ekonomicznej w zarysie /
_cZbigniew B. Romanow ; Akademia Ekonomiczna w Poznaniu.
260 _aPoznań :
_bAkademia Ekonimiczna,
_c1997.
300 _a225 s. :
_bwykr. ;
_c24 cm.
504 _aBibliogr. s. 223-225.
650 9 _aNauki ekonomiczne
_xhistoria
655 _aPodręczniki akademickie
020 _a8385530916
040 _cBPK
041 0 _apol
080 _a330(091)
080 _a(075.8)
920 _a83-85530-91-6
942 _cKS
008 s pl f |000 0 pol
999 _c34175
_d34175
856 _uhttp://koha.tu.koszalin.pl/cgi-bin/koha/opac-detail.pl?biblionumber=34175
_yKatalog online BPK